1350 1421 1991 1056 1216 1303 1496 1198 1195 1561 1896 1730 1166 1054 1270 1747 1867 1096 1777 1191 1771 1571 1817 1351 1059 1315 1524 1712 1961 1926 1923 1852 1840 1646 1102 1610 1332 1139 1952 1161 1402 1967 1523 1617 1444 1716 1214 1156 1516 1671 1640 1491 1462 1121 1120 1425 1761 1449 1070 1768 1609 1882 1051 1878 1841 1185 1830 1453 1306 1706 1858 1950 1523 1903 1466 1107 1153 1899 1026 1772 1325 1349 1634 1447 1377 1367 1284 1854 1717 1399 1426 1257 1495 1784 1933 1389 1513 1413 1541 BCNSPRNW ULIB Ver.6.0+V

เปลี่ยนเป็นภาษาไทย

Change to English
 แสดงรายละเอียดบรรณานุกรม
  กลับหน้าหลัก

Brief Record : Get Marc (ISO 2709) : E-mail record : QR code < ปิดหน้าต่าง
LEADER : 00000nam 2200000uu 4500
001    13399113564
003     ULIB
008    111128s2551||||th 000 0 tha d
020    ^a9789740415664
090    ^aนว.^bก880ส 2551
100 0  ^aแก่นฝัน
245 00 ^aสืบลับกับดักรัก/^cแก่นฝัน
250    ^aพิมพ์ครั้งที่ 1
260    ^aกรุงเทพฯ :^bบลูเบลล์,^c2551
300    ^a318 หน้า
710 1  ^aบูลเบลล์
945    ^p219^l0^i16025
995    ^aกัณชพร
999    ^aใช้งานได้ทุกระบบ
รายการนี้ยังไม่มีแท็ก
คุณยังไม่ได้ล็อกอิน คุณสามารถมีกิจกรรมร่วมกับเว็บไซต์ได้ แต่ต้องล็อกอินก่อน ::
  ล็อกอิน

รายการสื่อสารสนเทศ

ลำดับที่ ประเภท เลขเรียก/บาร์โค้ด สถานที่ สถานะ
1. วิทยาศาสตร์การแพทย์ และสุขภาพ
วิทยาศาสตร์การแพทย์ และสุขภาพ
นว. ก880ส 2551  
  Barcode: 16025
ห้องสมุดวิทยาเขตสวรรค์ประชารักษ์
►นวนิยาย
บนชั้น
  ขอยืม

รายการใกล้เคียง
    ผู้แต่ง [แก่นฝัน]

BibComment


ยังไม่เคยถูกคอมเมนท์

คอมเมนท์ทรัพยากรรายการนี้
  คอมเมนท์: สืบลับกับดักรัก ..


 Copyright 2026. Bcnsprnw @Library